=LDR 00000nam 2200000 4500 =001 INLIS000000000044579 =005 20131008110224 =008 ***********************************Ind** =035 ##$$0010-101300000002501 =041 ##$$a Ind =082 ##$$a 664.726 =090 ##$$a 624.726 , Sar m =100 ##$$a Sarwono, B =245 ##$$a Membuat Aneka tahu , B. Sarwono =260 ##$$a 2001 $b Jakarta =300 ##$$a 72 hlm. , ilus , 20 cm =850 ##$$a NBPNMAT